000 00643nam a2200193 a 4500
001 BRL_867
005 20190320210930.0
008 211013s1979----gw-a######---#000-0#ger-#
041 _ager
044 _agw
050 4 _aNK520.B3
_b.L43 1979
245 1 0 _aLebendige handwerkliche volkskunst in Bayern
_b12 oktober bis 13 november 1979 im Ausstellungsraum der Handwerkspflege in Bayern München, Ottostrabe 7.
260 _aMünchen
_bHandwerkspflege in Bayern
_c1979
300 _a104 p.
_bil. (algunas a color)
_c20 cm.
500 _aAu988
650 1 4 _aArte popular
_vExposiciones
_zBayern, Alemania
_925188
902 _aGRL
942 _2lcc
_cB
999 _c9679
_d9679